<?xml version="1.0" encoding="UTF-8"?>
<record
    xmlns:xsi="http://www.w3.org/2001/XMLSchema-instance"
    xsi:schemaLocation="http://www.loc.gov/MARC21/slim http://www.loc.gov/standards/marcxml/schema/MARC21slim.xsd"
    xmlns="http://www.loc.gov/MARC21/slim">

  <leader>01656nam a22002297a 4500</leader>
  <controlfield tag="005">20260123161654.0</controlfield>
  <controlfield tag="008">231129b           ||||| |||| 00| 0 eng d</controlfield>
  <datafield tag="020" ind1=" " ind2=" ">
    <subfield code="a">9781844084968</subfield>
  </datafield>
  <datafield tag="040" ind1=" " ind2=" ">
    <subfield code="c">AL</subfield>
  </datafield>
  <datafield tag="041" ind1=" " ind2=" ">
    <subfield code="a">English</subfield>
  </datafield>
  <datafield tag="082" ind1=" " ind2=" ">
    <subfield code="2">23</subfield>
    <subfield code="a">823.009</subfield>
    <subfield code="b">SHOL</subfield>
  </datafield>
  <datafield tag="100" ind1=" " ind2=" ">
    <subfield code="a">Elaine Showalter</subfield>
    <subfield code="9">252459</subfield>
  </datafield>
  <datafield tag="245" ind1=" " ind2=" ">
    <subfield code="a">Literature Of Their Own</subfield>
    <subfield code="b">: From Charlotte Bronte to Doris Lessing</subfield>
  </datafield>
  <datafield tag="260" ind1=" " ind2=" ">
    <subfield code="a">UK</subfield>
    <subfield code="b">Virago</subfield>
    <subfield code="c">2014</subfield>
  </datafield>
  <datafield tag="300" ind1=" " ind2=" ">
    <subfield code="a">xxix,354p</subfield>
    <subfield code="b">PB</subfield>
    <subfield code="c">19.7x2.5cm</subfield>
  </datafield>
  <datafield tag="365" ind1=" " ind2=" ">
    <subfield code="a">6431</subfield>
    <subfield code="b">&#x20B9;920.00</subfield>
    <subfield code="c">&#x20B9;</subfield>
    <subfield code="d">&#x20B9;1150.00</subfield>
    <subfield code="e">20%</subfield>
    <subfield code="f">27-11-2023</subfield>
  </datafield>
  <datafield tag="520" ind1=" " ind2=" ">
    <subfield code="a">When first published in 1982, A LITERATURE OF THEIR OWN quickly set the stage for the creative explosion of feminist literary studies that transformed the field in the 1980s. Launching a major new area for literary investigation, the book uncovered the long but neglected tradition of women writers and the development of their fiction from the 1800s onwards. It includes assessments of famous writers such as the Bront&#xEB;s, George Eliot, Virginia Woolf, Margaret Drabble and Doris Lessing, but also presents critical appraisals of Mary Braddon, Rhoda Broughton and Sarah Grand &#x2013; to name but a few of those prolific and successful Victorian novelists &#x2013; once household names, now largely forgotten.
This edition, revised and expanded in 1997, contains an introductory chapter surveying the book&#x2019;s reception as well as a postscript chapter celebrating the legacy of feminism and feminist criticism in the efflorescence of contemporary British fiction by women.</subfield>
  </datafield>
  <datafield tag="650" ind1=" " ind2=" ">
    <subfield code="a">Literature and Literary Studies</subfield>
    <subfield code="9">143688</subfield>
  </datafield>
  <datafield tag="650" ind1=" " ind2=" ">
    <subfield code="a">Women and literature</subfield>
    <subfield code="9">143689</subfield>
  </datafield>
  <datafield tag="650" ind1=" " ind2=" ">
    <subfield code="a">English fiction</subfield>
    <subfield code="9">143690</subfield>
  </datafield>
  <datafield tag="942" ind1=" " ind2=" ">
    <subfield code="2">ddc</subfield>
    <subfield code="c">BK</subfield>
  </datafield>
  <datafield tag="999" ind1=" " ind2=" ">
    <subfield code="c">229339</subfield>
    <subfield code="d">229339</subfield>
  </datafield>
  <datafield tag="952" ind1=" " ind2=" ">
    <subfield code="0">0</subfield>
    <subfield code="1">0</subfield>
    <subfield code="2">ddc</subfield>
    <subfield code="4">0</subfield>
    <subfield code="7">0</subfield>
    <subfield code="8">ENG</subfield>
    <subfield code="a">AL</subfield>
    <subfield code="b">AL</subfield>
    <subfield code="d">2023-11-28</subfield>
    <subfield code="e">Biblios Book Point Surathkal Mangalore 575014</subfield>
    <subfield code="g">920.00</subfield>
    <subfield code="l">1</subfield>
    <subfield code="o">823.009 SHOL</subfield>
    <subfield code="p">076975</subfield>
    <subfield code="r">2024-06-26 00:00:00</subfield>
    <subfield code="s">2024-01-02</subfield>
    <subfield code="v">1150.00</subfield>
    <subfield code="y">BK</subfield>
  </datafield>
</record>
